L'agriculture française en proie à l'écologisme : Moissons interdites (notice n° 2197075)

détails MARC
000 -LEADER
fixed length control field 00992cam a2200133 4500500
005 - DATE AND TIME OF LATEST TRANSACTION
control field 20260405065604.0
041 ## - LANGUAGE CODE
Language code of text/sound track or separate title fre
042 ## - AUTHENTICATION CODE
Authentication code dc
100 10 - MAIN ENTRY--PERSONAL NAME
Personal name Monnier, Claude
Relator term author
245 00 - TITLE STATEMENT
Title L'agriculture française en proie à l'écologisme : Moissons interdites
260 ## - PUBLICATION, DISTRIBUTION, ETC.
Name of publisher, distributor, etc. L'Harmattan,<br/>
Date of publication, distribution, etc. 2005.<br/>
520 ## - SUMMARY, ETC.
Summary, etc. Les thèses des écologistes couramment admises et désormais politiquement correctes, telles l’incompatibilité de l’agriculture conventionnelle avec le développement durable ou le mépris du productivisme, sont largement excessives et méritent d’être réfutées. Au risque de déplaire, l’auteur prend la défense de l’agriculture scientifique et compétitive - position qui lui apparaît complètement compatible avec l’amour de la Nature. Voici des raisons de juger paralysante la politique de précaution absolue.
856 41 - ELECTRONIC LOCATION AND ACCESS
Uniform Resource Identifier <a href="https://shs.cairn.info/lagriculture-francaise-en-proie-a-lecologisme--9782747579865?lang=fr&redirect-ssocas=7080">https://shs.cairn.info/lagriculture-francaise-en-proie-a-lecologisme--9782747579865?lang=fr&redirect-ssocas=7080</a>

Pas d'exemplaire disponible.

PLUDOC

PLUDOC est la plateforme unique et centralisée de gestion des bibliothèques physiques et numériques de Guinée administré par le CEDUST. Elle est la plus grande base de données de ressources documentaires pour les Étudiants, Enseignants chercheurs et Chercheurs de Guinée.

Adresse

627 919 101/664 919 101

25 boulevard du commerce
Kaloum, Conakry, Guinée

Réseaux sociaux

Powered by Netsen Group @ 2025